Outline studies in Romans. (Record no. 5691)

000 -LEADER
fixed length control field 00630nam a2200193 a 4500
001 - CONTROL NUMBER
control field :::00003433$&:&@@
003 - CONTROL NUMBER IDENTIFIER
control field OkBaRHE
005 - DATE AND TIME OF LATEST TRANSACTION
control field 20100401123014.0
008 - FIXED-LENGTH DATA ELEMENTS--GENERAL INFORMATION
fixed length control field s1987 j 000 0 eng u
040 ## - CATALOGING SOURCE
Transcribing agency
100 1# - MAIN ENTRY--PERSONAL NAME
Personal name Lee, Robert, 1872-1956.
245 10 - TITLE STATEMENT
Title Outline studies in Romans.
260 ## - PUBLICATION, DISTRIBUTION, ETC. (IMPRINT)
Place of publication, distribution, etc Grand Rapids, MI. :
Name of publisher, distributor, etc Kregel Publications
Date of publication, distribution, etc 1987
300 ## - PHYSICAL DESCRIPTION
Extent 112 p. ;
Dimensions 20 cm.
650 ## - SUBJECT ADDED ENTRY--TOPICAL TERM
Topical term or geographic name as entry element Bible New Testament Romans
General subdivision Sermons
-- Outlines, Syllabi, etc.
730 ## - ADDED ENTRY--UNIFORM TITLE
Uniform title Outlined Romans.
942 ## - ADDED ENTRY ELEMENTS (KOHA)
Source of classification or shelving scheme
Koha item type Books
Copies
Date acquired Current Location Copy number Date last seen Date checked out Permanent Location Koha item type Damaged status Source of classification or shelving scheme Barcode Total Checkouts Withdrawn status Shelving location Price effective from Full call number Not for loan Lost status
2010-04-14RHEMA Bible Training College12018-03-282015-04-15RHEMA Bible Training CollegeBooks  34331 General Stacks2010-04-14BS 2665 .L39 1987